INTRODUCTION TO DOCUMENTARY (Registro nro. 56174)
[ vista simple ]
| 000 -LEADER | |
|---|---|
| fixed length control field | 01007nam a2200193 a 4500 |
| 001 - CONTROL NUMBER | |
| control field | 56174 |
| 005 - DATE AND TIME OF LATEST TRANSACTION | |
| control field | 20180714051819.0 |
| 008 - FIXED-LENGTH DATA ELEMENTS--GENERAL INFORMATION | |
| fixed length control field | 140415s2001 xxu 000 0 eng d |
| 020 ## - INTERNATIONAL STANDARD BOOK NUMBER | |
| International Standard Book Number | 97802532146900 |
| 041 ## - LANGUAGE CODE | |
| Language code of text/sound track or separate title | eng |
| 082 ## - DEWEY DECIMAL CLASSIFICATION NUMBER | |
| Classification number | 070.18 |
| Item number | NIC |
| 100 1# - MAIN ENTRY--PERSONAL NAME | |
| Personal name | Nichols, Bill,. |
| 245 10 - TITLE STATEMENT | |
| Title | INTRODUCTION TO DOCUMENTARY |
| 250 ## - EDITION STATEMENT | |
| Edition statement | 1a ed. |
| 260 ## - PUBLICATION, DISTRIBUTION, ETC. | |
| Place of publication, distribution, etc. | ESTADOS UNIDOS DE AMERICA : |
| Name of publisher, distributor, etc. | INDIANA UNIVERSITY PRESS, |
| Date of publication, distribution, etc. | 2001 |
| 300 ## - PHYSICAL DESCRIPTION | |
| Extent | 223 |
| Dimensions | 16.5 x 1.5 x 23 |
| 520 ## - SUMMARY, ETC. | |
| Summary, etc. | THE FIRST BOOK TO PROVIDE A COMPREHENSIVE INTRODUCTION TO THE ISSUES AND CONCEPTS THAT CHARACTERIZE DOCUMENTARY FILM AND VIDEO PRODUCTION. INTRODUCTION TO DOCUMENTARY PROVIDES A ONE-OF-A-KIND OVER-VIEW OF THE MOST IMPORTANT TOPICS AND ISSUES IN DOCUMENTARY HISTORY AND CRITICISM. DESIGNED FOR STUDENTS IN ANY FIELD THAT MAKES USE OF VISUAL EVIDENCE AND PERSUASIVE STRATEGIES-FROM THE LAW TO ANTHROPOLOGY, AND FROM HISTORY TO JOURNALISM-THIS BOOK SPELLS OUT THE DISTINGUISHING QUALITIES OF D |
| 650 14 - SUBJECT ADDED ENTRY--TOPICAL TERM | |
| Topical term or geographic name entry element | CINE DOCUMENTAL |
| Withdrawn status | Lost status | Source of classification or shelving scheme | Damaged status | Not for loan | Collection code | Home library | Current library | Shelving location | Date acquired | Source of acquisition | Inventory number | Total Checkouts | Full call number | Barcode | Date last seen | Price effective from | Koha item type |
|---|---|---|---|---|---|---|---|---|---|---|---|---|---|---|---|---|---|
| Dewey Decimal Classification | General | Biblioteca Karol Wojtyla | Biblioteca Karol Wojtyla | Sala general | 03/12/2013 | Compra | 151000000000000000059962 | '070.18 NIC | 84645 | 05/01/2026 | 03/12/2013 | Libro | |||||
| Dewey Decimal Classification | General | Biblioteca Karol Wojtyla | Biblioteca Karol Wojtyla | Sala general | 03/12/2013 | Compra | 151000000000000000059961 | '070.18 NIC | 84644 | 05/01/2026 | 03/12/2013 | Libro | |||||
| Dewey Decimal Classification | General | Biblioteca Karol Wojtyla | Biblioteca Karol Wojtyla | Sala general | 03/12/2013 | Compra | 151000000000000000059963 | '070.18 NIC | 84646 | 05/01/2026 | 03/12/2013 | Libro |